Hradil Mária versei

Bibliographic Details
Main Author: Hradil, Mária (Author)
Format: Article
Language:Hungarian
PhysicalDescription:Obr.
ISSN:1336-5088
Subjects:

MARC

LEADER 00000nab a2200000 ar4500
001 vtls010090704
003 SK-MaSNL
005 20260304014734.0
008 100430c2010 xo |||||||| |000 b|hun
015 |a SNBRB2010/04  |2 snkbucl 
038 |a SNKBUCL 
040 |a DSZK  |b slo  |c DSZK  |e AACR2 
041 0 |a hun 
044 |a xo  |c SK 
080 |a 821.511.141 (437.6)-1=511.141  |2 1997 
100 1 |a Hradil, Mária  |4 aut  |9 1041143 
245 1 0 |a Hradil Mária versei 
300 |b Obr. 
500 |a Blok obsahuje 5 básní 
655 7 |a maďarská poézia  |2 snkbucl  |9 70602 
740 0 2 |a Mondd- 
740 0 2 |a A nehéz út 
740 0 2 |a Már láttalak 
740 0 2 |a Mi ez? 
740 0 2 |a A szeretet 
773 0 |t Irodalmi szemle  |g Évf. LIII, sz. 4 (2010), o. 67-69  |x 1336-5088 
852 |a SNK  |b KIS3GCP 
852 |a DSZK  |b KIS3GCP 
958 |a HU 
958 |a SK 
958 |a LX 
999 |c 2587285  |d 2589215